<?xml version="1.0" encoding="UTF-8"?>
<record
    xmlns:xsi="http://www.w3.org/2001/XMLSchema-instance"
    xsi:schemaLocation="http://www.loc.gov/MARC21/slim http://www.loc.gov/standards/marcxml/schema/MARC21slim.xsd"
    xmlns="http://www.loc.gov/MARC21/slim">

  <leader>00542nam a22001577a 4500</leader>
  <controlfield tag="003">OSt</controlfield>
  <controlfield tag="005">20150908151043.0</controlfield>
  <controlfield tag="008">150908b        xxu||||| |||| 00| 0 eng d</controlfield>
  <datafield tag="040" ind1=" " ind2=" ">
    <subfield code="c">RUA</subfield>
  </datafield>
  <datafield tag="082" ind1=" " ind2=" ">
    <subfield code="a">AGR &#x1780;&#x17C2;&#x1794; 1993 B007 Or.1</subfield>
  </datafield>
  <datafield tag="100" ind1=" " ind2=" ">
    <subfield code="9">157</subfield>
    <subfield code="a">&#x1780;&#x17C2;&#x1794; &#x1794;&#x17C9;&#x17BB;&#x1785;</subfield>
  </datafield>
  <datafield tag="245" ind1=" " ind2=" ">
    <subfield code="a">&#x1780;&#x17B6;&#x179A;&#x179F;&#x17B7;&#x1780;&#x17D2;&#x179F;&#x17B6;&#x17A2;&#x17C6;&#x1796;&#x17B8;&#x1791;&#x17C6;&#x1793;&#x17B6;&#x1780;&#x17CB;&#x1791;&#x17C6;&#x1793;&#x1784;&#x179B;&#x1780;&#x17D2;&#x1781;&#x178E;&#x17C8;&#x1780;&#x17D2;&#x179F;&#x17C1;&#x178F;&#x17D2;&#x179A;- &#x179A;&#x17BC;&#x1794;&#x1793;&#x17C3;&#x179F;&#x17D2;&#x179A;&#x17BC;&#x179C;&#x179A;&#x178A;&#x17BC;&#x179C;&#x1794;&#x17D2;&#x179A;&#x17B6;&#x17C6;&#x1784;</subfield>
  </datafield>
  <datafield tag="260" ind1=" " ind2=" ">
    <subfield code="a">Phnom Penh</subfield>
    <subfield code="b">RUA</subfield>
    <subfield code="c">1993</subfield>
  </datafield>
  <datafield tag="300" ind1=" " ind2=" ">
    <subfield code="a">58p.</subfield>
    <subfield code="b">ill.</subfield>
    <subfield code="c">29cm.</subfield>
  </datafield>
  <datafield tag="942" ind1=" " ind2=" ">
    <subfield code="2">ddc</subfield>
    <subfield code="c">AGR</subfield>
  </datafield>
  <datafield tag="999" ind1=" " ind2=" ">
    <subfield code="c">138</subfield>
    <subfield code="d">138</subfield>
  </datafield>
  <datafield tag="952" ind1=" " ind2=" ">
    <subfield code="0">0</subfield>
    <subfield code="1">0</subfield>
    <subfield code="2">ddc</subfield>
    <subfield code="4">0</subfield>
    <subfield code="6">AGR_&#x1780;&#x17C2;&#x1794;_1993_000000000000000_B007_OR_1</subfield>
    <subfield code="7">0</subfield>
    <subfield code="9">467</subfield>
    <subfield code="a">LBB</subfield>
    <subfield code="b">LBB</subfield>
    <subfield code="c">B007</subfield>
    <subfield code="d">2015-09-08</subfield>
    <subfield code="o">AGR &#x1780;&#x17C2;&#x1794; 1993 B007 Or.1</subfield>
    <subfield code="p">RUA004856</subfield>
    <subfield code="r">2015-09-08</subfield>
    <subfield code="w">2015-09-08</subfield>
    <subfield code="y">AGR</subfield>
  </datafield>
  <datafield tag="952" ind1=" " ind2=" ">
    <subfield code="0">0</subfield>
    <subfield code="1">0</subfield>
    <subfield code="2">ddc</subfield>
    <subfield code="4">0</subfield>
    <subfield code="6">AGR_&#x1780;&#x17C2;&#x1794;_1993_000000000000000_B007_OR_2</subfield>
    <subfield code="7">0</subfield>
    <subfield code="9">468</subfield>
    <subfield code="a">LBB</subfield>
    <subfield code="b">LBB</subfield>
    <subfield code="c">B007</subfield>
    <subfield code="d">2015-09-08</subfield>
    <subfield code="o">AGR &#x1780;&#x17C2;&#x1794; 1993 B007 Or.2</subfield>
    <subfield code="p">RUA005689</subfield>
    <subfield code="r">2015-09-08</subfield>
    <subfield code="w">2015-09-08</subfield>
    <subfield code="y">AGR</subfield>
  </datafield>
  <datafield tag="952" ind1=" " ind2=" ">
    <subfield code="0">0</subfield>
    <subfield code="1">0</subfield>
    <subfield code="2">ddc</subfield>
    <subfield code="4">0</subfield>
    <subfield code="6">AGR_&#x1780;&#x17C2;&#x1794;_1993_000000000000000_B007_OR_3</subfield>
    <subfield code="7">0</subfield>
    <subfield code="9">469</subfield>
    <subfield code="a">LBB</subfield>
    <subfield code="b">LBB</subfield>
    <subfield code="c">B007</subfield>
    <subfield code="d">2015-09-08</subfield>
    <subfield code="o">AGR &#x1780;&#x17C2;&#x1794; 1993 B007 Or.3</subfield>
    <subfield code="p">RUA005549</subfield>
    <subfield code="r">2015-09-08</subfield>
    <subfield code="w">2015-09-08</subfield>
    <subfield code="y">AGR</subfield>
  </datafield>
  <datafield tag="952" ind1=" " ind2=" ">
    <subfield code="0">0</subfield>
    <subfield code="1">0</subfield>
    <subfield code="2">ddc</subfield>
    <subfield code="4">0</subfield>
    <subfield code="6">AGR_&#x1780;&#x17C2;&#x1794;_1993_000000000000000_B007_OR_4</subfield>
    <subfield code="7">0</subfield>
    <subfield code="9">470</subfield>
    <subfield code="a">LBB</subfield>
    <subfield code="b">LBB</subfield>
    <subfield code="c">B007</subfield>
    <subfield code="d">2015-09-08</subfield>
    <subfield code="o">AGR &#x1780;&#x17C2;&#x1794; 1993 B007 Or.4</subfield>
    <subfield code="p">RUA005886</subfield>
    <subfield code="r">2015-09-08</subfield>
    <subfield code="w">2015-09-08</subfield>
    <subfield code="y">AGR</subfield>
  </datafield>
  <datafield tag="952" ind1=" " ind2=" ">
    <subfield code="0">0</subfield>
    <subfield code="1">0</subfield>
    <subfield code="2">ddc</subfield>
    <subfield code="4">0</subfield>
    <subfield code="6">AGR_&#x1780;&#x17C2;&#x1794;_1993_000000000000000_B007_OR_5</subfield>
    <subfield code="7">0</subfield>
    <subfield code="9">471</subfield>
    <subfield code="a">LBB</subfield>
    <subfield code="b">LBB</subfield>
    <subfield code="c">B007</subfield>
    <subfield code="d">2015-09-08</subfield>
    <subfield code="o">AGR &#x1780;&#x17C2;&#x1794; 1993 B007 Or.5</subfield>
    <subfield code="p">RUA005971</subfield>
    <subfield code="r">2015-09-08</subfield>
    <subfield code="w">2015-09-08</subfield>
    <subfield code="y">AGR</subfield>
  </datafield>
</record>
